000 00612nam a2200217Ia 4500
005 20250923145405.0
008 008 250917s9999 xx 000 0 eng d
037 _aTextual
040 _aDSWL
_beng
_cDSWL
041 _aeng
_2eng
084 _aV2,21xN04, N65
_qDSWL
100 _aShastri, Lal Bahadur
_9834798
245 0 _aWhen freedon is menaced
_c by Lal Bahadur Shastri
260 _aDelhi
_bPublication Divisions
_c1965
300 _a79 p.
365 _aINR
_b1 . 0
490 _vVol. III
925 _g1 . 0
942 _cTEXL
_hV2,21xN04, N65
999 _c1450789
_d1450789